=LDR 00000nam 2200000 4500 =001 INLIS000000000018762 =005 20231017034331 =035 ##$$a 0010-061300000018762 =008 231017################g##########0#ind## =041 ##$$a Ind =082 ##$$a 382.7 =090 ##$$a 382.7, Asp a =245 ##$$a Aspek hukum dari perdagangan bebas : $b Menelaah kesiapan hukum Indonesia dalam melaksanakan perdagangan bebas /$c Ida Susanti, Bayu Seto =260 ##$$a Bandung :$b Citra Aditya Bakti,$c 2003 =300 ##$$a xii, 534 hlm., ; $c 21 cm =650 #4$$a PERDAGANGAN BEBAS DAN DILINDUNGI =700 #$$a SUSANTI, Ida =850 ##$$a NBPNMAT =020 ##$$a 979-414-889-X =084 ##$$a 382.7 ASP a =990 ##$$a 26622662 =990 ##$$a 10312010